Sister cities of Johannesburg with a map - Statistics

General Stats
  • This quiz has been taken 46 times
  • The average score is 6 of 8
Answers on the Map
Answers color-coded by a green-red scale on the quiz's map according to % correct below.
 
Answer Stats
City % Correct
Ho Chi Minh City
97%
Taipei
97%
New York City
95%
Addis Ababa
92%
Windhoek
86%
Birmingham
78%
Verona
57%
Ramallah
35%
No matching quizzes found
Score Distribution
Percent of People with Each Score
Percentile by Number Answered
Your Score History
You have not taken this quiz